000 00735nam a2200241Ia 4500
003 OSt
005 20220925235352.0
006 a|||||r|||| 00| 0
007 ta
008 220923b |||||||| |||| 00| 0 eng d
020 _a9788198524708
_c295
037 _b881, 18/03/2013, Pranami Book Service
_cGeneral Book
040 _aRTL
_cRTL
_beng
041 _2eng
_aeng
082 _aY73(Q4).2, Q2
100 _aNARASU Lakshmi
_9301242
245 0 _aReligion of the modern Buddhist
260 _a New Delhi
_bCritical Quest
_c2012
300 _axxiv, 318p
_ccm.
650 _aSociology
942 _hY73(Q4).2, Q2
_cGB
_2CC
999 _c597245
_d597245